Qualitative inquiry and research design: choosing among five approaches
Gardado en:
| Main Authors: | , |
|---|---|
| Formato: | Libro |
| Idioma: | inglés |
| Publicado: |
Los Angeles
SAGE
2018
|
| Edición: | 4a. ed |
| Subjects: | |
| Tags: |
Engadir etiqueta
Sen Etiquetas, Sexa o primeiro en etiquetar este rexistro!
|
MARC
| LEADER | 00000cam a2200000 a 4500 | ||
|---|---|---|---|
| 001 | UCC5547 | ||
| 003 | CL-VaPUC | ||
| 008 | 181012e20180000us |||||||||||||||||eng|d | ||
| 020 | |a 9781506330204 | ||
| 082 | 0 | 4 | |a 001.42 |b CRE |2 21 |
| 100 | 0 | |a Creswell, John W |e author |9 599877 | |
| 700 | 0 | |a Poth, Cheryl N |e author |9 599878 | |
| 245 | 1 | 0 | |a Qualitative inquiry and research design: choosing among five approaches |
| 250 | |a 4a. ed | ||
| 300 | |a 459 p | ||
| 942 | |c BK | ||
| 945 | |d 20181012 13:26:00 |a dcastane | ||
| 260 | |a Los Angeles |b SAGE |c 2018 | ||
| 650 | 0 | |a Métodos de investigación |9 262618 | |
| 650 | 0 | |a Investigación cualitativa |9 389535 | |
| 583 | |a last modification |c 20181012 13:26:00 |k Rodrigo Vera | ||
| 999 | |c 372738 |d 372736 | ||
| 952 | |0 0 |1 0 |3 erb |4 0 |6 001_420000000000000_CRE_2018 |7 0 |8 A |9 490533 |a BIBCUR |b BIBCUR |i 5507006 |o 001.42 CRE 2018 |p 5507006 |r 2025-04-22 |w 2019-11-24 |y BK |z Catalogado en:20181012 |k MDC | ||
| 952 | |0 0 |1 0 |3 erb |4 0 |6 001_420000000000000_CRE_2018 |7 0 |8 A |9 490534 |a BIBCUR |b BIBCUR |i 5506999 |o 001.42 CRE 2018 |p 5506999 |r 2025-04-22 |w 2019-11-24 |y BK |z Catalogado en:20181012 |k MDC | ||